[Event "Let's Play Chess!"]
[Site "http://www.queenalice.com/game.php?id=1873203"]
[Date "2026.5.9"]
[Round "-"]
[White "okiwiz"]
[Black "Capixabba789"]
[Result "1-0"]
[WhiteElo "1817"]
[BlackElo "1885"]

1. d4 d5 2. e3 Nf6 3. Bd3 e6 4. Nd2 Be7 5. f4 Bd7 6. Ngf3 Nc6 7. O-O O-O 8. Ne5
a6 9. c3 Na7 10. Rf3 c5 11. Rh3 c4 12. Bxh7+ Nxh7 13. Qh5 1-0

[Event "Challenge"]
[Site "http://www.queenalice.com/game.php?id=1873340"]
[Date "2026.5.13"]
[Round "-"]
[White "Capixabba789"]
[Black "okiwiz"]
[Result "0-1"]
[WhiteElo "1847"]
[BlackElo "1854"]

1. d4 d5 2. Nc3 e6 3. f4 Bd6 4. Nf3 f5 5. e3 Nf6 6. Be2 Nbd7 7. O-O O-O 8. Ne5
Bxe5 9. fxe5 Ne4 10. Bd2 c5 11. Nxe4 fxe4 12. c3 c4 13. Bg4 Qe7 14. Qe2 Nb6 15.
Rxf8+ Kxf8 16. Rf1+ Ke8 17. b4 Kd7 18. Rf2 Kc6 19. Qf1 Qg5 20. Bd1 Bd7 21. a4
Re8 22. Rf7 Nc8 23. a5 Ne7 24. Ba4+ Kc7 25. b5 Kd8 26. Qf4 Qxf4 27. exf4 Nf5 28.
Bc1 Rg8 29. g4 Nh6 30. Rxd7+ Kxd7 31. Ba3 Kc8 32. g5 Nf5 33. Kf2 b6 34. a6 Rd8
35. Bc1 Rf8 36. Bd2 Nh4 37. Bd1 Rf7 38. Kg3 Nf5+ 39. Kg4 Ne7 40. h4 Kc7 41. Bc1
Ng6 42. h5 Ne7 43. Kh4 Nf5+ 44. Kg4 g6 45. hxg6 hxg6 46. Kh3 Rh7+ 47. Kg2 Rh4
48. Bd2 e3 49. Bc1 Rxf4 0-1

[Event "Challenge"]
[Site "http://www.queenalice.com/game.php?id=1873341"]
[Date "2026.5.13"]
[Round "-"]
[White "okiwiz"]
[Black "Capixabba789"]
[Result "1-0"]
[WhiteElo "1836"]
[BlackElo "1898"]

1. g3 e5 2. b3 d5 3. e3 f5 4. Bb2 Bd6 5. Bg2 Nf6 6. h3 e4 7. Ne2 O-O 8. O-O Be6
9. Nd4 Bf7 10. Nxf5 Nc6 11. a3 Re8 12. Nd4 Ne7 13. Nb5 Ng6 14. d3 Qd7 15. Bxf6
gxf6 16. Nd4 f5 17. Qh5 Re5 18. Qe2 c5 19. f4 exf3 20. Nxf3 Rae8 21. Nxe5 Bxe5
22. Kh2 Bxa1 23. c3 d4 24. c4 Rxe3 25. Qh5 Qd6 26. Rf3 Rxf3 27. Bxf3 b6 28. Qxf5
Kh8 29. Qc8+ Kg7 30. Qb7 a5 31. Bd5 Ne7 32. Nd2 Bxd5 33. cxd5 Bc3 34. Ne4 Qe5
35. d6 Qh5 36. Qxe7+ Qf7 37. Qg5+ Kf8 38. Nf6 Bd2 39. Qe5 1-0